00739nam a2200205Ia 4500003000900000008004100009040001600050080002100066245014300087260003300230300001600263650001800279650002200297650004100319650002700360700002700387942000700414999001500421952009700436IN-BaIIA211028s9999 xx 000 0 eng d cIIA Library a047.1:52bVIA-12 0aVistas in astronomybvol. 12, the Henry norris Russell memorial volumecedited by Arthur Beer  aOxfordbPergamon Pressc1970 aviii, 426p. aAstronomy980 aAstrophysics9794 aHenry norris Russel-Biography914820 aMemorial volume914821 aBeer, Arthur ed.93137 cBK c8811d8811 00104070aBANbBANcGENd1986-09-11l0o047.1:52/ VIA-12p9689r2021-11-05w1986-09-11yBK